Crónica del delirio / (Record no. 17968)
[ view plain ]
| 000 -LEADER | |
|---|---|
| campo de control de longitud fija | 00779nam a2200229 i 4500 |
| 001 - NÚMERO DE CONTROL | |
| campo de control | 17968 |
| 003 - IDENTIFICADOR DE NÚMERO DE CONTROL | |
| campo de control | ES-MaACL |
| 005 - FECHA Y HORA DE LA ÚLTIMA TRANSACCIÓN | |
| campo de control | 20230906151728.0 |
| 007 - CAMPO FIJO DE DESCRIPCIÓN FÍSICA--INFORMACIÓN GENERAL | |
| campo de control de longitud fija | t| |
| 008 - DATOS DE LONGITUD FIJA--INFORMACIÓN GENERAL | |
| campo de control de longitud fija | 010709s1998 sp ||||1| spa d |
| 080 ## - NÚMERO DE LA CLASIFICACIÓN DECIMAL UNIVERSAL | |
| Número de la Clasificación Decimal Universal | 821.134.2-34"19" |
| 100 1# - ENTRADA PRINCIPAL--NOMBRE DE PERSONA | |
| Nombre de persona | Riveiro Coello, Antón. |
| 9 (RLIN) | 97601 |
| 245 10 - MENCIÓN DEL TÍTULO | |
| Título | Crónica del delirio / |
| Mención de responsabilidad, etc. | Anton Riveiro Coello. Geranios de la madama / José Antonio Escrig Aparicio. |
| 260 ## - PUBLICACIÓN, DISTRIBUCIÓN, ETC. | |
| Lugar de publicación, distribución, etc. | Segorbe : |
| Nombre del editor, distribuidor, etc. | Ayuntamiento : |
| -- | Fundación Max Aub, |
| Fecha de publicación, distribución, etc. | [1998] |
| 300 ## - DESCRIPCIÓN FÍSICA | |
| Extensión | 28 p. : |
| Otras características físicas | il. ; |
| Dimensiones | 24 cm. |
| 500 ## - NOTA GENERAL | |
| Nota general | X Premio de cuentos Max Aub. |
| 700 1# - ENTRADA AGREGADA--NOMBRE PERSONAL | |
| Nombre de persona | Escrig Aparicio, José Antonio. |
| 9 (RLIN) | 47651 |
| 710 2# - ENTRADA AGREGADA--NOMBRE DE ENTIDAD CORPORATIVA | |
| Nombre de entidad corporativa o nombre de jurisdicción como elemento de entrada | Fundación Max Aub. |
| 9 (RLIN) | 4367 |
| 710 1# - ENTRADA AGREGADA--NOMBRE DE ENTIDAD CORPORATIVA | |
| Nombre de entidad corporativa o nombre de jurisdicción como elemento de entrada | Segorbe. |
| Unidad subordinada | Ayuntamiento. |
| 9 (RLIN) | 6539 |
| 740 0# - ENTRADA AGREGADA--TÍTULO RELACIONADO/ANALÍTICO NO CONTROLADO | |
| Título relacionado o analítico no controlado | Geranios de la madama. |
| 852 ## - LOCALIZACIÓN | |
| Ubicación | ES-MaACL |
| Número de control de estantería | 2164-F-18 |
| Sublocalización o colección | R.128548 |
| Estatus retirado | Estado de pérdida | Estado de daño | No para préstamo | Colección | Biblioteca de origen | Biblioteca actual | Ubicación en estantería | Fecha de adquisición | Fuente de adquisición | Total de préstamos | Signatura topográfica completa | Código de barras | Visto por última vez | Precio de reemplazo | Tipo de ítem Koha |
|---|---|---|---|---|---|---|---|---|---|---|---|---|---|---|---|
| Colección de folletos | Biblioteca del Ateneo de Madrid | Biblioteca del Ateneo de Madrid | Depósito folletos | 17/01/2008 | 2164-F-18 | 1018359 | 23/02/2023 | 23/02/2023 | Folleto |
